¿Cómo entender la iniciativa de la Cuenca del Caribe?
Saved in:
| Format: | Text |
|---|---|
| Published: |
s.l:
Servicio Informativo y Cultural de los Estados Unidos
|
| Tags: |
Add Tag
No Tags, Be the first to tag this record!
|
MARC
| LEADER | 00000 a a2200000 04500 | ||
|---|---|---|---|
| 001 | 15241 | ||
| 003 | |||
| 040 | |||
| 090 | |a 018300 | ||
| 245 | |a ¿Cómo entender la iniciativa de la Cuenca del Caribe? | ||
| 260 | |a s.l: |b Servicio Informativo y Cultural de los Estados Unidos | ||
| 300 | |a 16 p. | ||
| 999 | |c 5803 |d 5803 | ||
